Atlantia : A novel

Uloženo v:
Podrobná bibliografie
Hlavní autor: Condie, Allyson Braithwaite
Médium: Kniha
Jazyk:Undetermined
Vydáno: New York Dutton Books, an imprint of Penguin Group (USA) LLC 2014
Témata:
Tagy: Přidat tag
Žádné tagy, Buďte první, kdo otaguje tento záznam!
Thư viện lưu trữ: Trung tâm Học liệu Trường Đại học Cần Thơ
LEADER 00584nam a2200193Ia 4500
001 CTU_225287
008 210402s9999 xx 000 0 und d
082 |a 813.54 
082 |b C745 
100 |a Condie, Allyson Braithwaite 
245 0 |a Atlantia : 
245 2 |b A novel 
245 0 |c Allyson Braithwaite Condie 
260 |a New York 
260 |b Dutton Books, an imprint of Penguin Group (USA) LLC 
260 |c 2014 
650 |a Young Adult Fiction.,Tiểu thuyết cho người lớn 
904 |i Hải 
980 |a Trung tâm Học liệu Trường Đại học Cần Thơ